书目信息 |
| 题名: |
新编实用写作教程
|
|
| 作者: | 尹相如 主编 | |
| 分册: | ||
| 出版信息: | 北京 中国铁道出版社 2010.08 |
|
| 页数: | 264页 | |
| 开本: | 26cm | |
| 丛书名: | ||
| 单 册: | ||
| 中图分类: | H152.3 | |
| 科图分类: | ||
| 主题词: | 应用文 , 写作 , 应用文--写作--高等学校--教材 | |
| 电子资源: | ||
| ISBN: | 978-7-113-11140-3 | |
| 000 | 00972nam0 2200277 450 | |
| 001 | 1237097034 | |
| 005 | 20120109101905.23 | |
| 010 | @a978-7-113-11140-3@dCNY29.00 | |
| 090 | @aH152@byxr | |
| 096 | @aH15@byxr | |
| 100 | @a20101008d2010 em y0chiy50 ea | |
| 101 | 0 | @achi |
| 102 | @aCN@b110000 | |
| 105 | @ay z 000yy | |
| 200 | 1 | @a新编实用写作教程@b专著@f尹相如主编@9xin bian shi yong xie zuo jiao cheng |
| 210 | @a北京@c中国铁道出版社@d2010.08 | |
| 215 | @a264页@d26cm | |
| 300 | @a高等院校公共基础课“十二五”规划教材 国家级精品课程配套教材 | |
| 330 | @a本书分为七章,设有:学习实践类、校园文化类、公关礼仪类、求职就业类、会议文书类、行政公文类、网络文本类,基本涵盖了大学生和毕业后需要掌握的各种文体的写作方法。 | |
| 606 | 0 | @a应用文 |
| 606 | 0 | @a写作 |
| 606 | 0 | @a应用文@x写作@x高等学校@j教材 |
| 690 | @aH152.3@v4 | |
| 701 | 0 | @a尹相如@4主编@9yin xiang ru |
| 801 | 0 | @aCN@b大连网信软件有限公司图书馆·11@c20120109 |
| 905 | @aZUCC@dH152.3@eY603 | |
| 新编实用写作教程/尹相如主编.-北京:中国铁道出版社,2010.08 |
| 264页;26cm |
| 高等院校公共基础课“十二五”规划教材 国家级精品课程配套教材 |
| ISBN 978-7-113-11140-3:CNY29.00 |
| 本书分为七章,设有:学习实践类、校园文化类、公关礼仪类、求职就业类、会议文书类、行政公文类、网络文本类,基本涵盖了大学生和毕业后需要掌握的各种文体的写作方法。 |
| ● |
| 相关链接 |
|
|
|
正题名:新编实用写作教程
索取号:H152.3/Y603
 
预约/预借
| 序号 | 登录号 | 条形码 | 馆藏地/架位号 | 状态 | 备注 |
| 1 | 482151 | 204821513 | 语言库209/209语言库 75排4列6层/ [索取号:H152.3/Y603] | 在馆 | |
| 2 | 482152 | 204821522 | 语言库209/209语言库 75排4列6层/ [索取号:H152.3/Y603] | 在馆 | |
| 3 | 482153 | 204821531 | 语言库209/209语言库 75排4列6层/ [索取号:H152.3/Y603] | 在馆 |